Balanç Àrea Medi Ambient : 1995-1999 / Àrea de Medi Ambient 1995-1999 / Àrea de Medi Ambient
Descripción Física:
95 p. : il. col., gràfics ; 21 cm
MARC
| LEADER | 00000nam a2200000Ia 4500 | ||
|---|---|---|---|
| 001 | 18457 | ||
| 008 | 160829s9999 xx 000 0 cat d | ||
| 080 | |a C-1-542 | ||
| 110 | |a Barcelona (Catalunya : Província). |b Àrea de Medi Ambient |9 52987 | ||
| 245 | |a Balanç Àrea Medi Ambient : |b 1995-1999 / Àrea de Medi Ambient | ||
| 260 | |a Barcelona : |b Diputació de Barcelona, [2000 ?] | ||
| 300 | |a 95 p. : |b il. col., gràfics ; |c 21 cm | ||
| 590 | |a Enquadernat en espiral | ||
| 610 | 0 | |a Barcelona (Catalunya : Província). |b Àrea de Medi Ambient |9 52987 | |
| 901 | |a Arxiu | ||
| 942 | |n 1 | ||
| 952 | |0 0 |1 0 |4 0 |6 C1542 |7 1 |9 49401 |a Arxiu |b Arxiu |d 2016-12-01 |l 0 |o C-1-542 |p 18457 |r 2016-12-01 00:00:00 |w 2016-12-01 |y ARXIU | ||
| 999 | |c 53243 |d 53243 | ||